[Event "Ch NRW (juniors) (under 15)"]
[Site "masterchessopen.com – Bad Driburg (Germany)"]
[Round "1"]
[White "Poschke Markus (GER)"]
[Black "Foertsch Matthias"]
[Result "1-0"]
[WhiteElo "2158"]
[BlackElo "1730"]

1.d4 Nf6 2.c4 g6 3.Nc3 Bg7 4.e4 d6 5.Be2 O-O 6.Nf3 e5 7.O-O Nc6 8.d5 Ne7 9.Ne1
Nd7 10.f3 f5 11.Be3 f4 12.Bf2 g5 13.b4 Nf6 14.c5 Ng6 15.Rc1 Rf7 16.a4 Bf8
17.a5 h5 18.cxd6 cxd6 19.Nb5 g4 20.Nxa7 g3 21.Bb6 gxh2+ 22.Kxh2 Ng4+ 23.fxg4
Qh4+ 24.Kg1 hxg4 25.Nxc8 Rh7 26.Nf3 gxf3 27.Bxf3 Qh2+ 28.Kf2 Qg3+ 29.Ke2 Nh4
30.Bf2 {#r} 1-0

[Event "It"]
[Site "masterchessopen.com – Cappelle la Grande (France)"]
[Round "9"]
[White "Harasta Vladimir (SVK)"]
[Black "Couche Didier (FRA)"]
[Result "1-0"]
[WhiteElo "2213"]
[BlackElo "2067"]

1.c4 Nf6 2.Nc3 g6 3.e4 d6 4.d4 Bg7 5.Nf3 O-O 6.Be2 e5 7.O-O Nc6 8.d5 Ne7 9.Ne1
Nd7 10.f3 f5 11.Be3 f4 12.Bf2 Nf6 13.a4 Rf7 14.c5 g5 15.a5 Bf8 16.cxd6 cxd6
17.Nb5 a6 18.Bb6 Qd7 19.Nc7 Rb8 20.Rc1 Ne8 21.Ne6 h6 22.Rc3 Rf6 23.Nd3 Ng7
24.Nxg7 Bxg7 25.Qb3 h5 26.Rfc1 Rg6 27.h3 Bh6 28.R1c2 Kh8 29.Qb4 Bf8 30.b3 Ng8
31.Nxe5 {#r} 1-0

[Event "It"]
[Site "masterchessopen.com – Eger (Hungary)"]
[Round "10"]
[White "Kiss Pal (HUN)"]
[Black "Ricci Marco (ITA)"]
[Result "1-0"]
[WhiteElo "2445"]
[BlackElo "2074"]

1.d4 Nf6 2.c4 g6 3.Nc3 Bg7 4.e4 d6 5.Nf3 O-O 6.Be2 e5 7.O-O Nc6 8.d5 Ne7 9.Ne1
Nd7 10.f3 f5 11.g4 Kh8 12.Kg2 Ng8 13.g5 f4 14.h4 h6 15.Rh1 Rf7 16.Nd3 Bf8
17.Qg1 Rh7 18.Kf1 Be7 19.Nxf4 exf4 20.Bxf4 Ne5 21.Be3 hxg5 22.hxg5 Bh3+ 23.Ke1
Bf8 24.f4 Bg7 25.Kd2 Qe7 26.Qg3 Qd7 27.Rh2 Nf7 28.Rah1 {#r} 1-0

[Event "Ch Croatia (w)"]
[Site "masterchessopen.com – Porec (Croatia)"]
[Round "0"]
[White "Raguz Ivanka (CRO)"]
[Black "Poljak Srebrenka (CRO)"]
[Result "0-1"]
[WhiteElo "1900"]
[BlackElo "2008"]

1.d4 Nf6 2.c4 g6 3.Nc3 Bg7 4.e4 d6 5.Nf3 O-O 6.Be2 e5 7.O-O Nc6 8.d5 Ne7 9.Ne1
Nd7 10.f3 f5 11.Be3 f4 12.Bf2 g5 13.Nd3 Ng6 14.b4 Nf6 15.c5 Rf7 16.Rc1 Bf8
17.cxd6 cxd6 18.Qc2 Bd7 19.b5 g4 20.a4 Bh6 21.Rb1 Rg7 22.Nb4 g3 23.hxg3 fxg3
24.Bxg3 Nf4 25.Bxf4 Bxf4 26.Kf2 Ng4+ 27.Ke1 Qh4+ 28.g3 Qxg3+ {#R} 0-1

[Event "It (open) \"]
[Site "masterchessopen.com – Aggtelek (Hungary)"]
[Round "0"]
[White "Kiss Pal (HUN)"]
[Black "Berta Krisztian (HUN)"]
[Result "1-0"]
[WhiteElo "2470"]
[BlackElo "2188"]

1.d4 Nf6 2.c4 g6 3.Nc3 Bg7 4.e4 d6 5.Nf3 O-O 6.Be2 e5 7.O-O Nc6 8.d5 Ne7 9.Ne1
Nd7 10.f3 f5 11.g4 Kh8 12.Kg2 Ng8 13.g5 f4 14.h4 Rf7 15.Rh1 Bf8 16.Nd3 h6
17.Qg1 Rh7 18.Kf1 hxg5 19.hxg5 Rxh1 20.Qxh1+ Kg7 21.Qh4 Be7 22.Nxf4 exf4
23.Bxf4 Ne5 24.Be3 Qd7 25.Kg2 Bd8 26.f4 Nf7 27.Rh1 Kf8 28.Qh7 Ne7 29.Bd4 c5
30.Qg7+ Ke8 31.Rh7 {#r} 1-0

[Event "It (open) \"]
[Site "masterchessopen.com – Buenos Aires (Argentina)"]
[Round "3"]
[White "Szmukler Ruben (ARG)"]
[Black "Moreno Carnero Javier (ESP)"]
[Result "0-1"]
[WhiteElo "2132"]
[BlackElo "2345"]

1.d4 Nf6 2.c4 g6 3.Nc3 Bg7 4.e4 d6 5.Nf3 O-O 6.Be2 e5 7.O-O Nc6 8.d5 Ne7 9.Ne1
Nd7 10.f3 f5 11.Be3 f4 12.Bf2 g5 13.Nd3 Ng6 14.c5 Nf6 15.cxd6 cxd6 16.a4 Rf7
17.Nb5 a6 18.Na3 g4 19.Nc4 g3 20.hxg3 Nh5 21.gxf4 exf4 22.Qe1 Qg5 23.Kh2 Rc7
24.Rc1 b5 25.axb5 axb5 26.Nxd6 Rxc1 27.Qxc1 Ng3 28.Bxg3 fxg3+ {#R} 0-1

[Event "Oberliga Northwest 1994/95"]
[Site "masterchessopen.com – Germany"]
[Round "0"]
[White "Juhnke Karl (GER)"]
[Black "Mai Philipp (GER)"]
[Result "0-1"]
[WhiteElo "2305"]
[BlackElo "2319"]

1.d4 Nf6 2.c4 g6 3.Nc3 Bg7 4.e4 d6 5.Be2 O-O 6.Nf3 e5 7.O-O Nc6 8.d5 Ne7 9.Ne1
Nd7 10.f3 f5 11.Be3 f4 12.Bf2 g5 13.a4 Nf6 14.a5 Ng6 15.c5 Qe7 16.Nd3 h5
17.Kh1 g4 18.a6 b6 19.cxd6 cxd6 20.Nb4 g3 21.Nc6 Qf7 22.hxg3 fxg3 23.Bxg3 h4
24.Bh2 Nh5 25.Re1 Bh6 26.Bf1 Bf4 27.Bxf4 Ngxf4 28.Nb5 Qg7 29.Qd2 Rf6 30.Bc4
Ng3+ 31.Kg1 h3 {#R} 0-1

[Event "It (open) \"]
[Site "masterchessopen.com – San Luis (Argentina)"]
[Round "9"]
[White "Quiroga Facundo (ARG)"]
[Black "Llanos Guillermo (ARG)"]
[Result "0-1"]
[WhiteElo "2430"]
[BlackElo "2405"]

1.d4 Nf6 2.c4 g6 3.Nc3 Bg7 4.e4 d6 5.Nf3 O-O 6.Be2 e5 7.O-O Nc6 8.d5 Ne7 9.Ne1
Nd7 10.f3 f5 11.Nd3 f4 12.Bd2 Kh8 13.Rc1 h5 14.c5 Nxc5 15.Nxc5 dxc5 16.b4 cxb4
17.Na4 a5 18.Qc2 c6 19.Qc5 cxd5 20.Nb6 Rb8 21.Rfd1 Rf6 22.Nxd5 Nxd5 23.Be1 Rc6
24.Qxd5 Qxd5 25.exd5 Rxc1 26.Rxc1 Bf5 27.Rc7 Rd8 28.Rc5 b6 29.Rb5 e4 30.Bf2 e3
31.Bh4 Rc8 {#R} 0-1

[Event "It (open)"]
[Site "masterchessopen.com – Zadar (Croatia)"]
[Round "0"]
[White "Kovacevic Blazimir (CRO)"]
[Black "Ladic Josip (CRO)"]
[Result "1-0"]
[WhiteElo "2340"]
[BlackElo "2191"]

1.d4 Nf6 2.Nf3 g6 3.c4 Bg7 4.Nc3 d6 5.e4 O-O 6.Be2 e5 7.O-O Nc6 8.d5 Ne7 9.Ne1
Nd7 10.f3 f5 11.g4 f4 12.h4 Bf6 13.Ng2 Kf7 14.Bd2 Ng8 15.Be1 a6 16.b4 h5 17.g5
Bxg5 18.hxg5 Qxg5 19.Rc1 Qf6 20.c5 g5 21.c6 Nb6 22.a4 a5 23.bxa5 Rxa5 24.Nb5
Rxa4 25.cxb7 Bh3 26.Rxc7+ Ne7 27.Rc6 Nxc6 28.dxc6 Rb8 29.Qxd6 {#r} 1-0

[Event "It (cat.5)"]
[Site "masterchessopen.com – Zlin (Czech Republic)"]
[Round "2"]
[White "Shtyrenkov Veniamen (RUS)"]
[Black "Eid Eva (LIB)"]
[Result "1-0"]
[WhiteElo "2455"]
[BlackElo "2330"]

1.Nf3 Nf6 2.c4 g6 3.Nc3 Bg7 4.e4 d6 5.d4 O-O 6.Be2 e5 7.O-O Nc6 8.d5 Ne7 9.Ne1
Nd7 10.f3 f5 11.g4 Kh8 12.Kh1 Nf6 13.Rg1 c6 14.Nd3 b5 15.dxc6 bxc4 16.Nb4 a5
17.Nbd5 Nxc6 18.gxf5 gxf5 19.Rxg7 Kxg7 20.Bg5 Be6 21.Nxf6 Rxf6 22.exf5 Rxf5
23.Bxd8 Rxd8 24.Qg1+ Kh8 25.Qb6 Rc8 26.Rd1 Rg5 27.Rxd6 Nd4 28.Rxd4 exd4
29.Qxe6 Rf8 30.Ne4 {#r} 1-0

[Event "Oberliga Baden 1995/96"]
[Site "masterchessopen.com – Germany"]
[Date "1995.10.01"]
[Round "1"]
[White "Schulte Torsten (GER)"]
[Black "Panzalovic Srdjan (GER)"]
[Result "0-1"]
[WhiteElo "2164"]
[BlackElo "2410"]

1.d4 Nf6 2.c4 g6 3.Nc3 Bg7 4.e4 d6 5.Nf3 O-O 6.Be2 e5 7.O-O Nc6 8.d5 Ne7 9.Ne1
Nd7 10.f3 f5 11.g4 Kh8 12.Nd3 c5 13.Be3 a6 14.Rb1 Ng8 15.b4 b6 16.Qa4 Ndf6
17.bxc5 bxc5 18.Qc6 Ra7 19.gxf5 gxf5 20.Rb8 Rc7 21.Qa4 Bh6 22.Bxh6 Nxh6 23.Qd1
Rg7+ 24.Kh1 Rfg8 25.Qe1 Nh5 26.Rb1 f4 27.Qf2 Ng3+ 28.hxg3 fxg3 29.Qg2 Qh4+
30.Kg1 Bh3 31.Qh1 g2 {#R} 0-1

[Event "Ch Catalunia"]
[Site "masterchessopen.com – Catalunia (Spain)"]
[Round "6"]
[White "Camps Tarres E (ESP)"]
[Black "Baches Garcia Guillermo (ESP)"]
[Result "0-1"]
[WhiteElo "2180"]
[BlackElo "2255"]

1.d4 Nf6 2.c4 g6 3.Nc3 Bg7 4.e4 d6 5.Nf3 O-O 6.Be2 e5 7.O-O Nc6 8.d5 Ne7 9.Ne1
Nd7 10.f3 f5 11.Be3 f4 12.Bf2 h5 13.Nd3 g5 14.c5 Nf6 15.a4 Ng6 16.cxd6 cxd6
17.a5 g4 18.Nb5 g3 19.hxg3 fxg3 20.Bxg3 a6 21.Na3 h4 22.Bf2 Nh5 23.f4 Nhxf4
24.Nxf4 exf4 25.Nc4 Qg5 26.Kh1 h3 27.gxh3 Bxh3 28.Rg1 Qh6 29.Bh5 f3 30.Rxg6
Qxh5 31.Rxg7+ Kxg7 32.Bd4+ Kh7 {#R} 0-1

[Event "Hessenliga 1996/97"]
[Site "masterchessopen.com – Germany"]
[Round "0"]
[White "Degenhardt Horst (GER)"]
[Black "Ebert Wolfgang (GER)"]
[Result "1-0"]
[WhiteElo "2315"]
[BlackElo "2180"]

1.d4 Nf6 2.Nf3 g6 3.c4 Bg7 4.Nc3 O-O 5.e4 d6 6.Be2 e5 7.O-O Nc6 8.d5 Ne7 9.Ne1
Nd7 10.f3 f5 11.g4 Kh8 12.h4 Ng8 13.Ng2 Bf6 14.g5 Bg7 15.exf5 Rxf5 16.Bd3 Rf8
17.h5 gxh5 18.f4 exf4 19.Qxh5 Bd4+ 20.Kh1 Qe7 21.Bxf4 Qg7 22.Nh4 Ne7 23.Nb5
Bxb2 24.Rab1 h6 25.Rxb2 Nc5 26.Bb1 Bg4 27.Qxh6+ Qxh6 28.gxh6 Rf6 29.Be5 {#r}
1-0

[Event "It (open)"]
[Site "masterchessopen.com – Robecchetto (Italy)"]
[Round "6"]
[White "Scavo Fernando (ITA)"]
[Black "Marino Danilo (ITA)"]
[Result "1-0"]
[WhiteElo "2165"]
[BlackElo "1972"]

1.d4 Nf6 2.c4 g6 3.Nc3 Bg7 4.e4 d6 5.Be2 O-O 6.Nf3 e5 7.O-O Nc6 8.d5 Ne7 9.Ne1
Nd7 10.f3 f5 11.Be3 b6 12.b4 a5 13.a3 Ba6 14.Rc1 Nf6 15.bxa5 bxa5 16.c5 Bxe2
17.Qxe2 fxe4 18.fxe4 Nxe4 19.Rxf8+ Qxf8 20.Nxe4 Nxd5 21.Qc4 c6 22.cxd6 Kh8
23.Bd2 Qf5 24.Ng3 Qf7 25.Qxc6 Rf8 26.Nf3 e4 27.Nxe4 Qf5 28.Ng3 Qd3 29.Qc4 Rxf3
30.Qxd3 Rxd3 31.Rc8+ Bf8 32.Bh6 {#r} 1-0

[Event "Ch Mittelfranken"]
[Site "masterchessopen.com – Roethenbach (Germany)"]
[Round "5"]
[White "Ponnath Lorenz (GER)"]
[Black "Uschold Jens"]
[Result "0-1"]
[WhiteElo "2093"]
[BlackElo "2160"]

1.d4 Nf6 2.c4 g6 3.Nc3 Bg7 4.e4 d6 5.Be2 O-O 6.Nf3 e5 7.O-O Nc6 8.d5 Ne7 9.Ne1
Nd7 10.f3 f5 11.g4 f4 12.h4 Nf6 13.Bd2 h5 14.g5 Nh7 15.Nd3 Rf7 16.Rf2 c6
17.Bf1 a5 18.a3 b5 19.b4 bxc4 20.Nb2 cxd5 21.Nxd5 Nxd5 22.Bxc4 Ne3 23.Bxe3
fxe3 24.Rf1 Nxg5 {#R} 0-1

[Event "It (open)"]
[Site "masterchessopen.com – Teheran (Iran)"]
[Round "9"]
[White "Badjarani Ilgar (AZE)"]
[Black "Ezzati Fereidoon (IRI)"]
[Result "1-0"]
[WhiteElo "2405"]
[BlackElo "2246"]

1.d4 Nf6 2.c4 g6 3.Nc3 Bg7 4.e4 d6 5.Be2 O-O 6.Nf3 e5 7.O-O Nc6 8.d5 Ne7 9.Ne1
Nd7 10.f3 f5 11.g4 Kh8 12.Be3 Nf6 13.Ng2 Neg8 14.a4 Ne8 15.h4 fxg4 16.fxg4
Rxf1+ 17.Kxf1 h6 18.Kg1 Nef6 19.a5 Bd7 20.Bf2 Qe7 21.Ne3 Rf8 22.Bg3 Nh7 23.Ng2
Ngf6 24.Bf3 Qf7 25.Ne1 h5 26.g5 Ng4 27.Qe2 Qe7 28.Qd2 Rf7 29.Nb5 Nh2 {#r} 1-0

[Event "It (open)"]
[Site "masterchessopen.com – Balatonbereny (Hungary)"]
[Round "2"]
[White "Domotor Jozsef (HUN)"]
[Black "Schmidt Raul (ROM)"]
[Result "0-1"]
[WhiteElo "1974"]
[BlackElo "2371"]

1.d4 Nf6 2.Nf3 g6 3.c4 Bg7 4.Nc3 d6 5.e4 O-O 6.Be2 e5 7.O-O Nc6 8.d5 Ne7 9.Ne1
Nd7 10.f3 f5 11.Be3 f4 12.Bf2 g5 13.Nd3 Ng6 14.c5 Nf6 15.Rc1 Rf7 16.cxd6 cxd6
17.a4 Bf8 18.b4 Rg7 19.Nb5 g4 20.Kh1 g3 21.hxg3 Nh5 22.gxf4 exf4 23.Nxf4 Ngxf4
24.g4 Qg5 25.Qd2 Qh6 {#R} 0-1

[Event "It (open) (a)"]
[Site "masterchessopen.com – Frydek-Mistek (Czech Republic)"]
[Round "4"]
[White "Zimmerman Yuri (ISR)"]
[Black "Khmelnitsky Sergei (UKR)"]
[Result "0-1"]
[WhiteElo "2380"]
[BlackElo "2380"]

1.d4 Nf6 2.c4 g6 3.Nc3 Bg7 4.e4 d6 5.Be2 O-O 6.Nf3 e5 7.O-O Nc6 8.d5 Ne7 9.Ne1
Nd7 10.f3 f5 11.Be3 f4 12.Bf2 g5 13.a4 Ng6 14.Nb5 b6 15.a5 bxa5 16.Nxa7 Bb7
17.Rxa5 c5 18.Ra1 Nf6 19.b4 g4 20.bxc5 g3 21.hxg3 fxg3 22.Bxg3 Nh5 23.Bh2 Bh6
24.f4 Nhxf4 25.Bg4 Nh3+ 26.gxh3 Be3+ 27.Kh1 Rxf1+ 28.Kg2 Qh4 29.Ra2 Rf2+
30.Rxf2 Qxf2+ {#R} 0-1

[Event "Tournament"]
[Site "masterchessopen.com – Kalavryta (Greece)"]
[Round "10"]
[White "Miladinovic Igor (SRB)"]
[Black "Nikolaidis Konstantinos (GRE)"]
[Result "1-0"]
[WhiteElo "2500"]
[BlackElo "2325"]

1.d4 d6 2.Nf3 g6 3.c4 Bg7 4.Nc3 Nf6 5.e4 O-O 6.Be2 e5 7.O-O Nc6 8.d5 Ne7 9.Ne1
Nd7 10.f3 f5 11.g4 Kh8 12.Ng2 Ng8 13.h4 a5 14.Be3 Bf6 15.g5 f4 16.gxf6 fxe3
17.Qc1 Ngxf6 18.f4 Nh5 19.Qxe3 Ndf6 20.fxe5 dxe5 21.Rf2 Qe7 22.Raf1 Bg4 23.Bd3
Nd7 24.Qg5 Qxg5 25.Rxf8+ Nxf8 26.hxg5 Bh3 27.Ne2 Kg7 28.c5 Nd7 29.Rc1 c6 {#r}
1-0

[Event "It (open)"]
[Site "masterchessopen.com – Kosice (Czech Republic)"]
[Round "0"]
[White "Skreno Vladimir (SVK)"]
[Black "Mrva Martin (SVK)"]
[Result "0-1"]
[WhiteElo "2178"]
[BlackElo "2395"]

1.d4 Nf6 2.c4 g6 3.Nc3 Bg7 4.e4 d6 5.Nf3 O-O 6.Be2 e5 7.O-O Nc6 8.d5 Ne7 9.Ne1
Nd7 10.f3 f5 11.g4 Kh8 12.Be3 Ng8 13.Qd2 Rf7 14.Kg2 a6 15.a3 Nc5 16.Qc2 Bh6
17.Bf2 a5 18.Nd3 b6 19.Rab1 Nxd3 20.Qxd3 Bf4 21.h3 h5 22.Rh1 Nh6 23.Be3 fxg4
24.hxg4 Qg5 25.Bxf4 Rxf4 26.Rbg1 Kg7 27.Rh3 hxg4 28.fxg4 Nxg4 29.Bxg4 Bxg4
{#R} 0-1

[Event "It (open)"]
[Site "masterchessopen.com – Kissimmee (USA)"]
[Date "1997.08.12"]
[Round "8"]
[White "Cohen Michael E"]
[Black "Owen Steven (USA)"]
[Result "1-0"]
[WhiteElo "1680"]
[BlackElo "2101"]

1.d4 Nf6 2.Nf3 g6 3.c4 Bg7 4.Nc3 d6 5.e4 O-O 6.Be2 e5 7.O-O Nc6 8.d5 Ne7 9.Ne1
Nd7 10.f3 f5 11.Be3 f4 12.Bf2 g5 13.Rc1 Ng6 14.b4 Nf6 15.c5 Rf7 16.cxd6 cxd6
17.a4 h5 18.a5 g4 19.Nb5 a6 20.Bb6 Qe7 21.Nc7 Rb8 22.Ba7 g3 23.Bxb8 Nxd5
24.Nxd5 Qd8 25.Nb6 Be6 26.Bc4 Qh4 27.h3 Bxh3 28.Bxf7+ Kh7 29.Bxg6+ Kxg6
30.gxh3 Qxh3 {#r} 1-0

[Event "It (open)"]
[Site "masterchessopen.com – Campobasso (Italy)"]
[Round "6"]
[White "Capezza Marco (ITA)"]
[Black "Capitelli Paolo (ITA)"]
[Result "0-1"]
[WhiteElo "2082"]
[BlackElo "2116"]

1.d4 Nf6 2.c4 g6 3.Nc3 Bg7 4.e4 d6 5.Nf3 O-O 6.Be2 e5 7.O-O Nc6 8.d5 Ne7 9.Ne1
Nd7 10.f3 f5 11.Be3 f4 12.Bf2 g5 13.b4 Nf6 14.Nd3 h5 15.c5 Rf7 16.Rc1 Ng6
17.cxd6 cxd6 18.a4 Bf8 19.a5 Bd7 20.Qb3 g4 21.Nb2 Rg7 22.Kh1 Ne8 23.Nb5 g3
24.Bxa7 Rxa7 25.Nxa7 {#R} 0-1

[Event "Bayern Regionalliga Southeast"]
[Site "masterchessopen.com – Germany"]
[Round "7"]
[White "Penn Peter"]
[Black "Dropalla Florian"]
[Result "0-1"]
[WhiteElo "1910"]
[BlackElo "1910"]

1.d4 Nf6 2.Nf3 g6 3.c4 Bg7 4.Nc3 O-O 5.e4 d6 6.Be2 e5 7.O-O Nc6 8.d5 Ne7 9.Ne1
Nd7 10.f3 f5 11.g4 Nf6 12.Nd3 c6 13.Bd2 b5 14.b3 b4 15.g5 Nh5 16.Na4 Nf4
17.Nxf4 exf4 18.Rc1 Bd4+ 19.Kh1 Be3 20.dxc6 fxe4 21.Bxe3 fxe3 22.fxe4 Rxf1+
23.Bxf1 Be6 24.c5 d5 25.Bg2 d4 26.Nb2 Nxc6 27.h4 Ne5 28.Nd3 Qc7 29.Nf4 Ng4
{#R} 0-1

[Event "It (open)"]
[Site "masterchessopen.com – Schwabisch Gmund (Germany)"]
[Round "9"]
[White "Unrath Heiko (GER)"]
[Black "Kill Matthias (GER)"]
[Result "1-0"]
[WhiteElo "2216"]
[BlackElo "2084"]

1.d4 Nf6 2.Nf3 g6 3.c4 Bg7 4.Nc3 O-O 5.e4 d6 6.Be2 e5 7.O-O Nc6 8.d5 Ne7 9.Ne1
Nd7 10.f3 f5 11.g4 Nf6 12.Nd3 h6 13.Bd2 Kh8 14.Nf2 Nh7 15.b4 Ng8 16.c5 h5
17.h3 fxg4 18.fxg4 Bh6 19.cxd6 cxd6 20.Bxh6 Nxh6 21.Qc1 Kg7 22.Nb5 Qh4 23.Nxd6
hxg4 24.Qc7+ Kg8 25.Nh1 Bf5 26.exf5 gxf5 27.Nxf5 Nxf5 28.Bxg4 Ng5 {#r} 1-0

[Event "It (open)"]
[Site "masterchessopen.com – Trinec (Czech Republic)"]
[Round "0"]
[White "Kupka Slavoj (CZE)"]
[Black "Siekaniec Jan (POL)"]
[Result "1-0"]
[WhiteElo "2325"]
[BlackElo "2160"]

1.d4 Nf6 2.Nf3 g6 3.c4 Bg7 4.Nc3 d6 5.e4 O-O 6.Be2 e5 7.O-O Nc6 8.d5 Ne7 9.Ne1
Nd7 10.f3 f5 11.g4 h5 12.g5 h4 13.Nd3 f4 14.Kh1 Kf7 15.Rg1 Rh8 16.Bd2 Ng8
17.b4 Rh5 18.c5 Nf8 19.Qb3 Nh7 20.Rac1 Nxg5 21.cxd6 cxd6 22.Nb5 Bf8 23.Rc7+
Be7 24.Nxe5+ dxe5 25.d6+ Be6 26.Bc4 Kf6 27.Bxe6 a6 28.Rd7 Qb6 29.Nc7 Qf2
30.Bg4 Rd8 31.Rxd8 Bxd8 32.Ne8# 1-0

[Event "Ch Hessen (MVT)"]
[Site "masterchessopen.com – Baunatal (Germany)"]
[Round "7"]
[White "Zaerban Jan Christop (GER)"]
[Black "Winter Lars (GER)"]
[Result "1-0"]
[WhiteElo "2103"]
[BlackElo "2151"]

1.d4 Nf6 2.c4 g6 3.Nc3 Bg7 4.e4 d6 5.Nf3 O-O 6.Be2 e5 7.O-O Nc6 8.d5 Ne7 9.Ne1
Nd7 10.f3 f5 11.g4 fxg4 12.fxg4 Rxf1+ 13.Kxf1 g5 14.Bxg5 Qf8+ 15.Kg1 Ng6
16.Nd3 Bh6 17.Qd2 Nf4 18.Bxh6 Qxh6 19.Nxf4 Nf6 20.Rf1 Qg5 21.h4 {#r} 1-0

[Event "Memorial Elekes (cat.3)"]
[Site "masterchessopen.com – Budapest (Hungary)"]
[Round "6"]
[White "Pham Minh Hoang (VIE)"]
[Black "Mester Gyula (HUN)"]
[Result "1-0"]
[WhiteElo "2357"]
[BlackElo "2390"]

1.c4 Nf6 2.Nc3 g6 3.e4 d6 4.d4 Bg7 5.Nf3 O-O 6.Be2 e5 7.O-O Nc6 8.d5 Ne7 9.Ne1
Nd7 10.f3 f5 11.Be3 f4 12.Bf2 g5 13.Nd3 Rf6 14.c5 Rh6 15.Nb5 a6 16.cxd6 axb5
17.dxe7 Qxe7 18.Qb3 Qf7 19.g4 fxg3 20.Bxg3 c6 21.Rac1 Rd6 22.Rc2 cxd5 23.Rfc1
Nb6 24.Nxe5 Qe6 25.Ng4 Bd4+ 26.Kh1 Rc6 27.Bxb5 Rxc2 28.Rxc2 dxe4 29.Rxc8+ {#r}
1-0

[Event "It (matches)"]
[Site "masterchessopen.com – Cannes (France)"]
[Round "1"]
[White "Grandmougin Olivier (FRA)"]
[Black "Lamorelle Yves (FRA)"]
[Result "0-1"]
[WhiteElo "2130"]
[BlackElo "2195"]

1.d4 Nf6 2.c4 g6 3.Nc3 Bg7 4.e4 O-O 5.Nf3 d6 6.Be2 e5 7.O-O Nc6 8.d5 Ne7 9.Ne1
Nd7 10.f3 f5 11.g4 Nf6 12.Be3 f4 13.Bf2 g5 14.c5 h5 15.h3 Rf7 16.Rc1 Ng6
17.Nb5 a6 18.Na3 Bf8 19.cxd6 Bxd6 20.Nd3 Rh7 21.Kg2 Qf8 22.Rh1 Bxa3 23.bxa3
Qxa3 24.Bc5 Qa5 25.d6 cxd6 26.Qb3+ Kh8 27.Bxd6 Bd7 28.Bxe5 Nxe5 {#R} 0-1

[Event "It (open) \"]
[Site "masterchessopen.com – Debrecen (Hungary)"]
[Date "1999.10.20"]
[Round "1"]
[White "Leviczki Tibor (HUN)"]
[Black "Papp Gyula (ROM)"]
[Result "1-0"]
[WhiteElo "2104"]
[BlackElo "2097"]

1.d4 Nf6 2.c4 g6 3.Nc3 Bg7 4.e4 d6 5.Nf3 O-O 6.Be2 e5 7.O-O Nc6 8.d5 Ne7 9.Ne1
Nd7 10.f3 f5 11.g4 f4 12.Nd3 Nf6 13.Bd2 h5 14.h3 hxg4 15.hxg4 Kf7 16.c5 Rh8
17.cxd6 cxd6 18.Kg2 Bd7 19.Qb3 Qc8 20.Nf2 b6 21.Rac1 Qb7 22.Nb5 Bxb5 23.Bxb5
Rac8 24.Bc6 Qb8 25.Nd3 Nxc6 26.dxc6+ d5 27.c7 Rxc7 28.Nxe5+ Ke6 29.Nxg6 Rxc1
30.Rxc1 {#r} 1-0

[Event "It (open)"]
[Site "masterchessopen.com – San Francisco (USA)"]
[Round "7"]
[White "Pupols Viktors (USA)"]
[Black "Cela Altin (ALB)"]
[Result "0-1"]
[WhiteElo "2264"]
[BlackElo "2483"]

1.d4 Nf6 2.c4 g6 3.Nc3 Bg7 4.e4 d6 5.Be2 O-O 6.Nf3 e5 7.O-O Nc6 8.d5 Ne7 9.Ne1
Nd7 10.f3 f5 11.g4 Kh8 12.Rf2 Nf6 13.Nd3 c6 14.Kh1 b5 15.b3 Qa5 16.Bd2 b4
17.g5 Ng4 18.fxg4 bxc3 19.b4 Qc7 20.Bxc3 cxd5 21.gxf5 gxf5 22.exf5 Bxf5 23.c5
d4 24.cxd6 Qxd6 25.Nc5 Qd5+ {#R} 0-1

[Event "Ch Czech Republic (juniors) (under 16)"]
[Site "masterchessopen.com – Czech Republic"]
[Round "8"]
[White "Adamek Jiri (CZE)"]
[Black "Londyn Radek (CZE)"]
[Result "0-1"]
[WhiteElo "2187"]
[BlackElo "2066"]

1.d4 Nf6 2.Nf3 g6 3.c4 Bg7 4.Nc3 O-O 5.e4 d6 6.Be2 e5 7.O-O Nc6 8.d5 Ne7 9.Ne1
Nd7 10.f3 f5 11.g4 fxg4 12.fxg4 Rxf1+ 13.Bxf1 Nf6 14.Be2 h6 15.h4 g5 16.hxg5
hxg5 17.Bxg5 Ng6 18.Ng2 Qd7 19.Ne3 Nh7 20.c5 Nxg5 21.c6 Qf7 22.Qb3 Nh3+ 23.Kh1
b6 24.Rf1 Ngf4 25.Qd1 Bf6 {#R} 0-1

[Event "Bundesliga (2nd) South 2000/01"]
[Site "masterchessopen.com – Germany"]
[Round "7"]
[White "Trachtmann Mark (GER)"]
[Black "Beckhuis Gernod (GER)"]
[Result "1-0"]
[WhiteElo "2303"]
[BlackElo "2282"]

1.d4 Nf6 2.c4 g6 3.Nc3 Bg7 4.e4 d6 5.Be2 O-O 6.Nf3 e5 7.O-O Nc6 8.d5 Ne7 9.Ne1
Nd7 10.f3 f5 11.g4 Kh8 12.Be3 Ng8 13.Bf2 h5 14.h3 Bh6 15.Ng2 Rf7 16.exf5 gxf5
17.gxf5 Rxf5 18.Bd3 Nc5 19.Bxf5 Bxf5 20.f4 Qe8 21.Qf3 e4 22.Bd4+ Kh7 23.Qg3
Qd7 24.Kh2 Ne7 25.Qe3 Ng6 26.b4 Nd3 27.Nxe4 Bxe4 28.Qxe4 Nxb4 29.f5 Ne5 30.f6+
Kh8 31.f7 Bg7 32.Rf5 {#r} 1-0

[Event "Ch France (team) (2) 2001/02"]
[Site "masterchessopen.com – France"]
[Round "7"]
[White "Grandmougin Olivier (FRA)"]
[Black "Hurpeau Jean-Marc (FRA)"]
[Result "1-0"]
[WhiteElo "2099"]
[BlackElo "1968"]

1.d4 Nf6 2.c4 g6 3.Nc3 Bg7 4.e4 d6 5.Nf3 O-O 6.Be2 e5 7.O-O Nc6 8.d5 Ne7 9.Ne1
Nd7 10.f3 f5 11.g4 Nf6 12.Be3 a5 13.c5 Bd7 14.Rc1 Kh8 15.Ng2 Rc8 16.cxd6 cxd6
17.g5 Nh5 18.Qb3 Nf4 19.Nxf4 exf4 20.Bb6 Qe8 21.Nb5 a4 22.Qb4 Rxc1 23.Rxc1
Nxd5 24.Qa5 Nxb6 25.Qxb6 Bc6 26.Nxd6 Qe7 27.Rd1 fxe4 28.Qc5 exf3 29.Bc4 Bxb2
30.Kf1 Rf5 {#r} 1-0

[Event "Badisch Verbandsliga South 2001/02"]
[Site "masterchessopen.com – Germany"]
[Round "6"]
[White "Brennenstuhl Oliver (GER)"]
[Black "Bender Stephan (GER)"]
[Result "0-1"]
[WhiteElo "2048"]
[BlackElo "2280"]

1.d4 Nf6 2.Nf3 g6 3.c4 Bg7 4.Nc3 d6 5.e4 O-O 6.Be2 e5 7.O-O Nc6 8.d5 Ne7 9.Ne1
Nd7 10.f3 f5 11.Be3 f4 12.Bf2 g5 13.Nd3 Nf6 14.b4 h5 15.Qb3 Kh8 16.Rfc1 Ng6
17.a4 g4 18.Kf1 gxf3 19.gxf3 Ng4 20.fxg4 f3 21.Bd1 Bxg4 22.c5 Bh6 23.cxd6 Qg5
24.Qb2 Bh3+ 25.Ke1 Qg2 {#R} 0-1

[Event "Cup Russia (open)"]
[Site "masterchessopen.com – Tula (Russia)"]
[Round "8"]
[White "Abramov Anatoli P (RUS)"]
[Black "Brikov Illarion (RUS)"]
[Result "1-0"]
[WhiteElo "2210"]
[BlackElo "2441"]

1.d4 Nf6 2.Nf3 g6 3.c4 Bg7 4.Nc3 O-O 5.e4 d6 6.Be2 e5 7.O-O Nc6 8.d5 Ne7 9.Ne1
Nd7 10.f3 f5 11.g4 h5 12.g5 h4 13.Be3 f4 14.Bf2 Kf7 15.Kh1 Rh8 16.Nd3 Rh5
17.Rg1 Nf8 18.c5 Nh7 19.cxd6 cxd6 20.Rc1 Nxg5 21.Nb5 Nh3 22.Nc7 Nxg1 23.Bxg1
Bd7 24.Nxa8 Qxa8 25.Rc7 Ke8 26.Qb3 b6 27.Qa3 Nc8 28.Qa6 Bf6 29.Nb4 Bd8 30.Rb7
Rh7 31.Nc6 {#r} 1-0